| 000 | 00508nam a2200145Ia 4500 | ||
|---|---|---|---|
| 008 | 200626s9999 xx 000 0 und d | ||
| 020 | _a978-1-4129-6662-2 | ||
| 100 | _aWaldron, Vincent R. | ||
| 245 |
_cVincent R. Waldron, Jeffrey W. Kassing _aManaging risk in Communication Encounters: _bStrategies for the Workplace / |
||
| 260 |
_bSAGE Publications _c2011 |
||
| 300 | _axi, 257 pages | ||
| 500 | _aIncludes index. | ||
| 650 | _aCommunication in organizations. | ||
| 650 | _aInterpersonal communication. | ||
| 999 |
_c363778 _d363778 |
||